00755nam a2200193Ia 4500003000400000005001700004008004100021020001800062040001800080041000800098082002200106100001800128245019800146250001200344260004500356300002900401650005700430650007400487OSt20220719100935.0210716s2016 xx 000 0 und d a9781786465955 cAIMIT LIBRARY aeng a005.448 22bWOOM aWood, Martin. aMastering serviceNow :bunleash the full potential of serviceNow from foundations to advanced functions with this hands on expert guide fully revised for the helsinki version /cBy Martin Wood. a1st ed. aMumbai :bPackt Publishing Ltd ,c2016 . axv, 629p. ;bPBc23.5 cm aPackaging with applications update sets and upgrades aMaking servicenow beautiful with service portal and custom interfaces